| 000 | 00468nam a2200181Ia 4500 | ||
|---|---|---|---|
| 003 | OSt | ||
| 005 | 20260106125354.0 | ||
| 008 | 251219s9999 xx 000 0 und d | ||
| 020 | _a9789387696822 | ||
| 041 | _amar | ||
| 082 |
_a158.1 _bTEJ DB3243 |
||
| 100 |
_aTejparkhi S _9215965 |
||
| 245 | _aHasat Hasat Khar Jivan Kas Jagav? | ||
| 260 |
_bWow Publication / Pune _c2010 |
||
| 300 |
_a104 _bPaper Back |
||
| 500 | _aPersonality Development | ||
| 942 |
_2ddc _cDB |
||
| 999 |
_c369497 _d369497 |
||